| 000 | 00682nam a2200217 i 4500 | ||
|---|---|---|---|
| 001 | 130166 | ||
| 003 | ES-MaACL | ||
| 005 | 20231027063024.0 | ||
| 007 | t| | ||
| 008 | 070720q1956 sp ||||1| spa d | ||
| 100 | 1 |
_aZweig, Stefan, _d1881-1942 _9118562 |
|
| 245 | 1 | 0 |
_aMaría Antonieta / _cStefan Zweig ; [traducción de Ramón María Tenreiro]. |
| 250 | _a[1ª ed.]. | ||
| 260 |
_aBarcelona : _bJuventud, _c[1956] ( _fCastilla) |
||
| 300 |
_a495 p. : _bil. ; _c18 cm. |
||
| 490 | 1 |
_aColección Z ; _v11 |
|
| 700 | 1 |
_aTenreiro, Ramón María. _9109707 |
|
| 830 | 0 |
_aColección Z ; _v11 _9181242 |
|
| 852 |
_aES-MaACL _jC-11108 _bR.39018 |
||
| 999 |
_c130166 _d130166 |
||